|
|
|
|
| LEADER |
00000njm a2200000 a 4500 |
| 001 |
vtls008302974 |
| 003 |
SK-MaSNL |
| 005 |
20260301074820.0 |
| 007 |
sd fsmgmnmmned |
| 008 |
051014s2005 xo mun a s slo |
| 015 |
|
|
|a SNBJ2005
|
| 028 |
0 |
1 |
|a N 210 0005-2-331
|b Street Production
|
| 040 |
|
|
|a SNK
|b slo
|c SNK
|e AACR2
|
| 041 |
0 |
|
|a slo
|
| 044 |
|
|
|a xo
|c SK
|
| 072 |
|
7 |
|a 786
|x Hudba pre klávesové nástroje
|2 konspekt
|
| 080 |
|
|
|a 786.2
|2 2001
|
| 080 |
|
|
|a (086.76)
|2 2001
|
| 245 |
0 |
0 |
|a Richard Rikkon. Čarovný klavír
|h zvukový záznam
|
| 246 |
3 |
0 |
|a Čarovný klavír
|
| 260 |
|
|
|a Bratislava
|b Street Production
|c 2005
|
| 300 |
|
|
|a 1 zvuková platňa
|b digital, stereo
|c 12 cm
|
| 500 |
|
|
|a 2 skl. bonus (11-12)
|
| 505 |
0 |
|
|a Obsahuje 12 skl.
|
| 511 |
0 |
|
|a Na klavíri hrá Richard Rikkon
|
| 518 |
|
|
|a Nahrané v štúdiu Creative Music House (1-10)
|
| 650 |
0 |
7 |
|a hudba pre klavír
|2 SNKPH
|9 3372
|
| 655 |
|
7 |
|a kompaktné platne
|2 SNKPH
|9 70690
|
| 999 |
|
|
|c 648313
|d 650243
|
| 952 |
|
|
|a SNK
|b SNK
|y PREZ
|7 0
|p 17A0485631
|o snkSCD 1708
|i snk2005/17064
|8 0
|0 0
|1 0
|4 0
|d 2005-10-14
|l 0
|r 2026-02-23 18:14:03
|w 2026-02-23
|
| 952 |
|
|
|a SNK
|b SNK
|y PREZ
|7 0
|p 17A0511108
|o snkSCD 1708 D1
|i snk2006/10623
|8 3
|g 7.25
|0 0
|1 0
|4 0
|d 2006-05-29
|l 0
|r 2026-02-23 18:14:03
|w 2026-02-23
|